| 000 | 00521nam a2200169Ia 4500 | ||
|---|---|---|---|
| 008 | 090711s9999 xx 000 0 und d | ||
| 082 | _b72016 | ||
| 100 | _aघाणेकर प्र. के. | ||
| 245 | _aहिमाईSया कुशीत | ||
| 260 | _c1993 | ||
| 300 | _a180 | ||
| 600 | _aघाणेकर प्र. के. | ||
| 630 | _aहिमाईSया कुशीत | ||
| 700 | _aघाणेकर प्र. के. | ||
| 730 | _aहिमाईSया कुशीत | ||
| 942 | _cBOOK | ||
| 999 |
_c291730 _d291730 |
||